Name a Valid Year in the UFC #1 - Statistics

General Stats
  • This quiz has been taken 346 times
  • The average score is 13 of 14
Answer Stats
Prompt Answer % Correct
Jon Jones is a champion 2011-2016 | 2018-2020 | 2023-
100%
Conor McGregor is a champion 2015-2018
98%
Dana White is not President 1993-2001
96%
Chris Weidman is undefeated 2011-2015
96%
There are female champions 2012-
96%
Chuck Liddell headlined a PPV 2003-2008 | 2010
95%
The Unified Rules of MMA are not used 1993-2000
94%
Reebok is the kit sponsor 2015-2021
94%
There are no champions 1993-1997
93%
Randy Couture is a champion 1997-1998 | 2000-2005 | 2007-2008
89%
The championship belts don't have gemstones 1997-2018
89%
There was a British champion 2016-2017 | 2022-2024
89%
There was an event in Utah, USA 2016 | 2022-2024
84%
Cain Velasquez has been charged with attempted murder 2022-
79%
No matching quizzes found
Score Distribution
Percent of People with Each Score
Percentile by Number Answered
Your Score History
You have not taken this quiz